| 000 | 00471nam a2200181Ia 4500 | ||
|---|---|---|---|
| 008 | 240925s9999 xx 000 0 und d | ||
| 020 | _a70335613 | ||
| 082 | _a004.68KEI | ||
| 100 | _aKeiser, Gerd | ||
| 245 | 0 | _aLocal Area Networks | |
| 250 | _aNA | ||
| 260 |
_aNew York: _bMc Graw HIll _c,1989. |
||
| 300 |
_a731p. _bNA _fOriginal |
||
| 500 | _aIncludes Index | ||
| 600 | _aComputer Science | ||
| 650 | _aComputer science, information & general works | ||
| 942 | _cBK | ||
| 999 |
_c9302 _d9302 |
||